00338nam a2200145Ia 4500008004100000020001500041041001200056082001600068100001700084245003000101250000800131260002900139300000800168650001600176221030s9999 xx 000 0 und d a8176560405 aEnglish a105.23bkAN aY. Kanethkar 0aLet Us Ccby Y. Kanethkar a3RD bBPB PubaNew Delhic1999 a772 aBE Computer